Most Populated Cities by Latitude - Statistics

General Stats
  • This quiz has been taken 183 times
    181 since last reset
  • The average score is 61 of 120
Answer Stats
Parallel 3 largest cities % Correct
51 N (687 - 7421k) London (7421k) Calgary (968k) Saratov (863k)
96%
40 N (608 - 8107k) New York (8107k) Madrid (3102k) Bursa (1413k)
94%
59 N (70 - 4039k) Saint Petersburg (4039k) Stockholm (1253k) Oslo (808k)
94%
41 N (609 - 9797k) Istanbul (9797k) Shenyang (3512k) Chicago (2841k)
92%
37 S (23 - 3730k) Melbourne (3730k) Hamilton (152k) Los Angeles (125k)
92%
48 N (477 - 2110k) Paris (2110k) Vienna (1569k) Munich (1246k)
92%
33 S (55 - 4837k) Santiago (4837k) Sydney (4394k) Cape Town (3433k)
92%
35 N (411 - 31480k) Tokyo (31480k) Nagoya (2191k) Karaj (1448k)
92%
14 N (283 - 10443k) Manila (10443k) Dakar (2702k) Guatemala City (973k)
90%
34 N (403 - 3953k) Xian (3953k) Los Angeles (3877k) Kabul (3043k)
90%
34 S (46 - 13076k) Buenos Aires (13076k) Montevideo (1305k) Adelaide (1074k)
88%
55 N (209 - 10381k) Moscow (10381k) Novosibirsk (1419k) Omsk (1129k)
86%
52 N (439 - 3398k) Berlin (3398k) Warsaw (1651k) Birmingham (984k)
84%
18 N (219 - 12692k) Bombay (12692k) Pune (2935k) Santo Domingo (2202k)
84%
30 N (238 - 7734k) Cairo (7734k) Wuhan (4184k) Chengdu (3950k)
84%
23 N (238 - 6493k) Dhaka (6493k) Ahmadabad (3719k) Guangzhou (3152k)
84%
6 S (205 - 8540k) Jakarta (8540k) Dar es Salaam (2698k) Bandung (1699k)
84%
24 N (211 - 11627k) Karachi (11627k) Riyadh (3469k) Taichung (1083k)
84%
19 N (236 - 8720k) Mexico (8720k) Ecatepec (1806k) Thana (1486k)
84%
4 N (116 - 7102k) Bogotá (7102k) Douala (1338k) Port Harcourt (1148k)
82%
50 N (560 - 2514k) Kiev (2514k) Prague (1154k) Brussels (1019k)
82%
6 N (171 - 8789k) Lagos (8789k) Medellín (2000k) Kumasi (1468k)
82%
31 N (203 - 14608k) Shanghai (14608k) Lahore (6312k) Alexandria (3811k)
82%
41 S (11 - 179k) Wellington (179k) Puerto Montt (160k) San Carlos de Bariloche (110k)
82%
64 N (12 - 344k) Arkhangelsk (344k) Severodvinsk (194k) Reykjavík (113k)
80%
36 S (18 - 417k) Auckland (417k) Talcahuano (252k) Concepcion (215k)
80%
4 S (95 - 7787k) Kinshasa (7787k) Brazzaville (1115k) Mombasa (799k)
80%
12 S (62 - 7646k) Lima (7646k) Salvador (2711k) Feira de Santana (481k)
80%
1 S (82 - 2750k) Nairobi (2750k) Belém (1407k) Kigali (745k)
80%
28 N (239 - 10928k) New Delhi (10928k) Nanchang (1871k) Faridabad (1280k)
80%
43 N (396 - 4612k) Toronto (4612k) Changchun (2537k) Jilin (1881k)
80%
60 N (50 - 558k) Helsinki (558k) Nizhnevartovsk (244k) Espoo (229k)
78%
10 N (250 - 3467k) Ho Chi Minh City (3467k) Maracaibo (1948k) Caracas (1815k)
78%
45 N (441 - 3268k) Montreal (3268k) Harbin (3229k) Milan (1156k)
78%
31 S (25 - 1446k) Perth (1446k) Cordoba (1441k) San Juan (469k)
78%
26 S (75 - 2026k) Johannesburg (2026k) Soweto (1695k) Tucuman (828k)
76%
1 N (51 - 3547k) Singapore (3547k) Johor Bahru (802k) Kuching (570k)
76%
25 S (82 - 1718k) Curitiba (1718k) Pretoria (1619k) Maputo (1191k)
74%
37 N (404 - 10323k) Seoul (10323k) Taiyuan (2722k) Tangshan (2054k)
74%
3 N (78 - 2392k) Cali (2392k) Medan (1751k) Kuala Lumpur (1453k)
72%
23 S (136 - 10021k) São Paulo (10021k) Guarulhos (1169k) São Bernardo do Campo (743k)
70%
25 N (304 - 2514k) Taipei (2514k) Patna (1600k) Hyderabad (1386k)
70%
13 N (224 - 5104k) Bangkok (5104k) Madras (4328k) Niamey (774k)
68%
15 S (45 - 2207k) Brasília (2207k) Lusaka (1267k) Blantyre (584k)
68%
53 N (359 - 1742k) Minsk (1742k) Hamburg (1733k) Samara (1134k)
68%
49 N (334 - 1837k) Vancouver (1837k) Lvov (830k) Winnipeg (632k)
68%
12 N (156 - 4931k) Bangalore (4931k) Bamako (1297k) Managua (1140k)
64%
61 N (33 - 300k) Surgut (300k) Anchorage (276k) Petrozavodsk (265k)
64%
29 S (72 - 3120k) Durban (3120k) Pietermaritzburg (750k) Bloemfontein (463k)
62%
8 S (104 - 2776k) Luanda (2776k) Recife (1478k) Trujillo (750k)
62%
39 N (385 - 7480k) Peking (7480k) Tianjin (3766k) Ankara (3519k)
62%
15 N (170 - 2810k) Umm Durman (2810k) Khartoum (1974k) Hubli (840k)
62%
22 N (329 - 4631k) Calcutta (4631k) Indore (1837k) Kaohsiung (1512k)
60%
21 N (217 - 2545k) Jiddah (2545k) Nagpur (2228k) Hanoi (1431k)
60%
68 N (4 - 319k) Murmansk (319k) Olenegorsk (23k) Harstad (19k)
60%
0 S (55 - 1399k) Quito (1399k) Padang (840k) Pontianak (455k)
60%
5 N (145 - 3692k) Abidjan (3692k) Accra (1963k) Aba (897k)
58%
27 S (55 - 1843k) Brisbane (1843k) Welkom (432k) Florianópolis (412k)
58%
29 N (252 - 3967k) Chongqing (3967k) Houston (2027k) San Antonio (1256k)
58%
43 S (3 - 363k) Christchurch (363k) Trelew (107k) Rawson (26k)
58%
16 S (46 - 1171k) Goiânia (1171k) Arequipa (844k) La Paz (812k)
58%
33 N (365 - 5672k) Baghdad (5672k) Casablanca (3609k) Rawalpindi (1743k)
56%
47 N (342 - 1708k) Budapest (1708k) Rostov-na-Donu (1074k) Qiqihar (882k)
56%
3 S (103 - 2416k) Fortaleza (2416k) Manaus (1598k) Banjarmasin (572k)
54%
17 S (55 - 2213k) Harare (2213k) Cochabamba (900k) Chitungwiza (456k)
54%
44 N (339 - 1877k) Bucharest (1877k) Belgrade (1115k) Mudanjiang (665k)
52%
17 N (129 - 3598k) Hyderabad (3598k) Visakhapatnam (1063k) Sholapur (997k)
52%
20 N (223 - 2894k) Surat (2894k) Guadalajara (1640k) Zapopan (987k)
52%
18 S (47 - 1391k) Antananarivo (1391k) Uberlândia (563k) Tacna (280k)
48%
42 S (3 - 204k) Hobart (204k) Puerto Madryn (95k) Castro (29k)
48%
0 N (62 - 1353k) Kampala (1353k) Libreville (578k) Kisangani (539k)
44%
11 N (148 - 3626k) Kano (3626k) Phnum Pénh (1573k) Maiduguri (1112k)
40%
2 N (60 - 2590k) Mogadishu (2590k) Seremban (372k) Neiva (352k)
38%
27 N (259 - 1430k) Agra (1430k) Wenzhou (865k) Kathmandu (790k)
36%
19 S (73 - 2373k) Belo Horizonte (2373k) Contagem (627k) Beira (530k)
36%
45 S (3 - 142k) Comodoro Rivadavia (142k) Dunedin (114k) Coihaique (45k)
36%
32 S (34 - 1218k) Rosario (1218k) Mendoza (973k) Newcastle (497k)
36%
63 N (17 - 146k) Trondheim (146k) Ukhta (102k) Noyabrsk (98k)
36%
54 N (174 - 1033k) Ufa (1033k) Ulyanovsk (640k) Belfast (585k)
36%
2 S (76 - 1952k) Guayaquil (1952k) Palembang (1241k) São Luís (917k)
34%
42 N (492 - 1062k) Sofia (1062k) Detroit (884k) Fuxin (689k)
34%
56 N (138 - 1287k) Yekaterinburg (1287k) Nizhniy Novgorod (1284k) Krasnoyarsk (907k)
34%
9 S (66 - 955k) Maceió (955k) Chimbote (320k) Port Moresby (283k)
32%
22 S (154 - 6023k) Rio de Janeiro (6023k) Campinas (1031k) Nova Iguaçu (1002k)
32%
35 S (14 - 324k) Canberra (324k) Talca (197k) Linares (69k)
30%
38 N (415 - 2501k) Izmir (2501k) Dalian (2035k) Tabriz (1424k)
30%
13 S (37 - 646k) Lilongwe (646k) Cusco (313k) Chincha Alta (154k)
30%
53 S (1 - 117k) Punta Arenas (117k)
30%
7 S (224 - 2374k) Surabaya (2374k) Malang (746k) João Pessoa (650k)
30%
32 N (310 - 3087k) Nanjing (3087k) Xinyang (1590k) Esfahan (1547k)
28%
65 N (12 - 128k) Oulu (128k) Nadym (46k) Pechora (46k)
28%
54 S (1 - 58k) Ushuaia (58k)
28%
58 N (56 - 982k) Perm (982k) Kirov (457k) Rybinsk (216k)
26%
9 N (201 - 2757k) Addis Abeba (2757k) Conakry (1871k) Madurai (909k)
24%
30 S (28 - 1372k) Porto Alegre (1372k) Viamão (285k) Guaíba (101k)
20%
28 S (48 - 501k) Gold Coast (501k) Richards Bay (253k) Catamarca (213k)
18%
69 N (9 - 127k) Norilsk (127k) Talnakh (59k) Severomorsk (53k)
18%
7 N (159 - 3565k) Ibadan (3565k) Davao (1212k) Oyo (736k)
16%
46 N (235 - 1001k) Odesa (1001k) Quebec (645k) Jiamusi (549k)
16%
26 N (312 - 2823k) Kanpur (2823k) Jaipur (2711k) Lakhnau (2472k)
14%
57 N (68 - 606k) Yaroslavl (606k) Tyumen (519k) Göteborg (515k)
14%
8 N (146 - 1190k) Freetown (1190k) Ogbomosho (861k) Ilorin (814k)
12%
11 S (45 - 1374k) Lubumbashi (1374k) Chosica (110k) São Cristóvão (71k)
12%
36 N (394 - 2307k) Mashhad (2307k) Aleppo (2139k) Jinan (2069k)
12%
46 S (1 - 47k) Invercargill (47k)
10%
62 N (15 - 89k) Kuopio (89k) Jyväskylä (85k) Joensuu (53k)
10%
16 N (202 - 4477k) Rangoon (4477k) Vijayawada (874k) Acapulco (652k)
8%
20 S (106 - 897k) Bulawayo (897k) Campo Grande (729k) Vila Velha (394k)
6%
5 S (89 - 1321k) Makasar (1321k) Natal (763k) Teresina (744k)
6%
38 S (16 - 645k) Mar del Plata (645k) Neuquen (359k) Bahia Blanca (282k)
6%
40 S (7 - 135k) Osorno (135k) Viedma (76k) Palmerston North (75k)
6%
51 S (1 - 93k) Rio Gallegos (93k)
6%
67 N (11 - 80k) Vorkuta (80k) Apatity (61k) Monchegorsk (49k)
6%
66 N (8 - 94k) Novyy Urengoy (94k) Inta (38k) Salekhard (38k)
4%
24 S (42 - 548k) Salta (548k) Guarujá (310k) Jujuy (277k)
4%
44 S (1 - 28k) Timaru (28k)
2%
39 S (9 - 133k) Valdivia (133k) General Roca (76k) Hastings (61k)
2%
14 S (44 - 253k) Vitória da Conquista (253k) Ica (247k) Nacala (224k)
2%
10 S (60 - 490k) Aracaju (490k) Likasi (422k) Kupang (282k)
0%
21 S (118 - 551k) Ribeirão Prêto (551k) Juiz de Fora (470k) Campos (387k)
0%
No matching quizzes found
Score Distribution
Percent of People with Each Score
Percentile by Number Answered
Your Score History
You have not taken this quiz since the last reset